Report on national consultative meeting on road safety and trauma care in Nepal: 13th -14th september 2012 Kathmandu, Nepal
Saved in:
| Corporate Authors: | , |
|---|---|
| Format: | Conference Proceeding Book |
| Language: | English |
| Published: |
Kathmandu
Ministry Health and Population
2012
|
| Subjects: | |
| Online Access: | Visit NHRC Library |
| Tags: |
Add Tag
No Tags, Be the first to tag this record!
|
| LEADER | 01025nam a22002057a 4500 | ||
|---|---|---|---|
| 003 | OSt | ||
| 005 | 20220906184633.0 | ||
| 008 | 140416b xxu||||| |||| 00| 0 eng d | ||
| 060 | |a WA 275 | ||
| 110 | |a Ministry of Health and Population |a World Health Organization, country office for Nepal |9 2216 | ||
| 111 | |a Report on national consultative meeting on road safety and trauma care in Nepal |c Kathmandu |d 13th - 14th September |9 2217 | ||
| 245 | |a Report on national consultative meeting on road safety and trauma care in Nepal: 13th -14th september 2012 Kathmandu, Nepal | ||
| 260 | |a Kathmandu |b Ministry Health and Population |c 2012 | ||
| 300 | |a 22p. | ||
| 500 | |a Report | ||
| 650 | |a Road Traffic |a Road Safery |a Road Safery and Trauma care |a Meeting on road Safery and trauma care |9 2218 | ||
| 856 | |u http://nhrc.org.np/contact |y Visit NHRC Library | ||
| 942 | |2 NLM |c REP | ||
| 952 | |0 0 |1 0 |2 NLM |4 0 |6 WA_275_000000000000000_MOH2012 |7 0 |9 1916 |a NHRC |b NHRC |d 2014-04-16 |l 0 |o WA 275/MOH2012 |p REP00183 |r 2014-04-16 |w 2014-04-16 |y REP | ||
| 999 | |c 1869 |d 1869 | ||